Michel, Bernard. Histoire de Prague. - Paris : Fayard. - 1998 [Rezension]
| Titel: | Michel, Bernard. Histoire de Prague. - Paris : Fayard. - 1998 [Rezension] |
|---|---|
| Verfasser: | |
| In: |
Revue historique, Band 124 / 302, Heft 613 (2000), Seite 247-250 alle Artikel anzeigen |
| Veröffentlicht: | 2000 |
| Format: | Aufsatz |
| Sprache: | Französisch |
X
alg: 39504660 001A $01999:12-11-16 001B $01999:04-08-21 $t21:03:04.000 001D $01999:12-11-16 001U $0utf8 001X $00 002@ $0Aox 003@ $0395046602 007A $0395046602 $aHEB 007T $0Herd33354 010@ $afre 011@ $a2000 021A $aMichel, Bernard. Histoire de Prague. - Paris : Fayard. - 1998 [Rezension] 028A $aMichaud $dClaude 031A $d124 / 302 $e613 $h247-250 $j2000 039B $aIn $8--Abvc--. Revue historique. - Paris : Presses Univ. de France, 1876-. - ISSN 0035-3264 $x200000001240613753 $9047310693 039T $8--Aau--Michel, Bernard$Z1935- [Tp1]. Histoire de Prague. - Paris : Fayard, 1998. - 448 S.. - Ill.. - ISBN 2-213-60269-7 $9090587790 045F $a900.94371 $eDDC23BSB 045F/01 $a900 045F/03 $g4371 045T $a8 lok: 39504660 78 exp: 39504660 78 1 #EPN 201B/01 $026-11-17 $t03:55:29.000 201U/01 $0utf8 203@/01 $0791345211 208@/01 $a12-11-16 $be 209A/01 $a/ $f000 $x00 220C/01 $aTitelaufnehmer: jk 244Z/01 $#Tschechien $#Tschechische Republik $#Tschechische Republik $#Tschechenland $#Tschechei Tschechien $#Česká Republika $#Czech Republic $#ČR $74303381-7 $8--Tg1--Tschechien $x01 $9086659812 244Z/01 $2Trx $#Böhmen $#Bohemia $#Czechy $8--Trx--Čechy $x02 $9391188941 244Z/01 $2Trx $#arvustused $#recenzijos $#Reviews $#recenziók $#recenzje $#recenzie $#recenze $8--Trx--Rezensionen $x03 $9391357441 247C/01 $82080>Marburg/Lahn, Herder-Institut, Forschungsbibliothek, Bibliographieportal $9336309341
| LEADER | 00000caa a22000002c 4500 | ||
|---|---|---|---|
| 001 | 395046602 | ||
| 003 | DE-603 | ||
| 005 | 20210804210304.0 | ||
| 007 | tu | ||
| 008 | 161112s2000 xx |||| | u00||u|fre c | ||
| 035 | |a (DE-599)HEB395046602 | ||
| 040 | |a DE-603 |b ger |c DE-603 |d DE-603 | ||
| 041 | |a fre | ||
| 082 | 0 | 4 | |8 1\u |a 900.94371 |q DE-101 |2 23/BSB |
| 084 | |a 8 |2 ssgn | ||
| 085 | |8 1\u |b 900 | ||
| 085 | |8 1\u |z 2 |s 4371 | ||
| 100 | 1 | |a Michaud, Claude | |
| 245 | 0 | 0 | |a Michel, Bernard. Histoire de Prague. - Paris : Fayard. - 1998 [Rezension] |
| 264 | 0 | |c 2000 | |
| 773 | 0 | 8 | |i In |t Revue historique |d Paris : Presses Univ. de France, 1876- |x 0035-3264 |g Band 124 / 302, Heft 613 (2000), Seite 247-250 |w (DE-603)047310693 |w (DE-600)209825-8 |
| 787 | 0 | 8 | |i Rezension von |a Michel, Bernard, 1935- |t Histoire de Prague |d Paris : Fayard, 1998 |h 448 S., Ill. |z 2213602697 |w (DE-603)090587790 |
| 924 | 0 | |9 2080 |a (DE-603)791345211 |b DE-2080 |c HES |d d |g / | |


